Which Country Is This Football Club From - Statistics

General Stats
  • This quiz has been taken 36 times
  • The average score is 18 of 20
Answer Stats
Club Country % Correct
Manchester United England
100%
PSG France
100%
Bayern Monachium Germany
100%
AC Milan Italy
100%
Real Madrid Spain
100%
Barcelona Spain
100%
Manchester City England
97%
Benfica Portugal
97%
Fc Porto Portugal
94%
Celtic Scotland
94%
Juventus Italy
92%
Ajax Amsterdam Netherlands
92%
HJK Helsinki Finland
89%
Inter Mediolan Italy
89%
Hajduk Split croatia
83%
Shakhtar Donetsk Ukraine
81%
FC Midtjylland Denmark
78%
OGC Nicea France
72%
Jagiellonia Białystok Poland
67%
Dundee United FC Ireland
64%
No matching quizzes found
Score Distribution
Percent of People with Each Score
Percentile by Number Answered
Your Score History
You have not taken this quiz